000 00791nam a22002295i 4500
001 168676
003 ES-MaACL
005 20240229062729.0
008 080505s2006 sp |||| | spa d
020 _a978-84-8432-728-8
080 _a946"1808/14"
100 1 _aFraser, Ronald.
_952381
245 1 3 _aLa maldita guerra de España
_b: historia social de la guerra de la Independencia, 1808-1814 /
_cRonald Fraser ; traducción castellana de Silvia Furió.
260 _aBarcelona :
_bCrítica,
_c[2006]
300 _a932 p. ;
_c24 cm.
490 1 _aSerie mayor
651 4 _aEspaña-
_xHistoria-
_y1808-1814, Guerra de la Independencia
_98244
700 1 _aFurió, Silvia.
_953039
830 0 _aSerie mayor
_9177793
852 _aES-MaACL
_jL-29420
_9R.142495
999 _c168676
_d168676